Leader mondiali #4 - Statistics

Statistiche generali
  • Questo quiz è stato fatto 63 volte
  • Il punteggio medio è 9 su 17
Statistiche sulle risposte
STATO ANNI PERSONA % Corretto
Usa 1961-1963 Kennedy
92%
Cina 1949-1976 Mao/Zedong
92%
Jugoslavia 1943-1980 Tito
92%
Spagna 1939-1975 Franco
91%
Impero Russo 1894-1917 Nicola II/Zar
75%
India 1966-19771980-1984 Gandhi/Indira
64%
Italia 1978-1985 Pertini
57%
Bielorussia 1994- Lukashenko/Lukashenka
55%
Turchia 1923-1938 Mustafa/Ataturk
53%
Città del Vaticano 1963-1978 Paolo VI
42%
Cile 1970-1973 Allende
34%
Francia 1995-2007 Chirac
34%
Regno Unito 2010-2016 Cameron
30%
Egitto 1956-1970 Nasser
26%
Zaire 1965-1997 Mobutu
19%
Etiopia 1930-1974 Selassiè
19%
Taiwan 1949-1975 Chiang-Kai Shek/Shek
15%
Nessun quiz corrispondente trovato
Distribuzione punteggi
Percentuale di utenti per punteggio
Percentile per numero di risposta
I tuoi punteggi nel tempo
Non hai fatto questo quiz